Wild Wales : (Record no. 23387)
[ view plain ]
| 000 -LEADER | |
|---|---|
| fixed length control field | 01080nam a22002773 4500 |
| 001 - CONTROL NUMBER | |
| control field | 23387 |
| 003 - CONTROL NUMBER IDENTIFIER | |
| rucl marc code | BD-RjUL |
| 005 - DATE AND TIME OF LATEST TRANSACTION | |
| control field | 20211209000926.0 |
| 008 - FIXED-LENGTH DATA ELEMENTS--GENERAL INFORMATION | |
| fixed length control field | 140310r1951 enk 000 0 |
| 035 ## - SYSTEM CONTROL NUMBER | |
| System control number | (BD-RjUL)23452 |
| System control number | CD-0000094596 |
| 040 ## - CATALOGING SOURCE | |
| Original cataloging agency | DLC |
| Language of cataloging | eng |
| Transcribing agency | DLC |
| Modifying agency | BD-RjUL |
| 041 ## - LANGUAGE CODE | |
| Language code of text/sound track or separate title | eng |
| 082 04 - DEWEY DECIMAL CLASSIFICATION NUMBER | |
| Classification number | 914.429 |
| Author mark and year | BOW 1951 |
| 100 1# - MAIN ENTRY--PERSONAL NAME | |
| Personal name | Borrow, George Henry. |
| 9 (RLIN) | 72032 |
| 245 10 - TITLE STATEMENT | |
| Title | Wild Wales : |
| Remainder of title | its people, language, and scenery / |
| Statement of responsibility, etc. | by George Borrow. |
| 260 ## - PUBLICATION, DISTRIBUTION, ETC. (IMPRINT) | |
| Place of publication, distribution, etc. | London : |
| Name of publisher, distributor, etc. | oxford university press, |
| Date of publication, distribution, etc. | 1922 [reprinted 1951]. |
| 300 ## - PHYSICAL DESCRIPTION | |
| Pagination | xv, 622 p. ; |
| Size | 16 cm. |
| 650 1# - SUBJECT ADDED ENTRY--TOPICAL TERM | |
| Topical term or geographic name as entry element | Wales -- Description and travel. |
| 9 (RLIN) | 72033 |
| 690 00 - LOCAL SUBJECT ADDED ENTRY--TOPICAL TERM (OCLC, RLIN) | |
| Topical term or geographic name as entry element | Geography |
| Geographic subdivision | Wales |
| 752 ## - ADDED ENTRY--HIERARCHICAL PLACE NAME | |
| Country or larger entity | England |
| City | London |
| 856 41 - ELECTRONIC LOCATION AND ACCESS | |
| Materials specified | Bodleian Library G.A. Wales 8° 10 (v.3) |
| Uniform Resource Identifier | <a href="http://purl.ox.ac.uk/uuid/36e90601c6784c02a842f7287cc57726">http://purl.ox.ac.uk/uuid/36e90601c6784c02a842f7287cc57726</a> |
| Materials specified | Bodleian Library G.A. Wales 8° 8 (v.1) |
| Uniform Resource Identifier | <a href="http://purl.ox.ac.uk/uuid/a0036268cb5b4000865d6000ff657191">http://purl.ox.ac.uk/uuid/a0036268cb5b4000865d6000ff657191</a> |
| Materials specified | Bodleian Library G.A. Wales 8° 9 (v.2) |
| Uniform Resource Identifier | <a href="http://purl.ox.ac.uk/uuid/61f5e08a7e194ae08ba2d57d1d32d7ea">http://purl.ox.ac.uk/uuid/61f5e08a7e194ae08ba2d57d1d32d7ea</a> |
| 942 ## - ADDED ENTRY ELEMENTS (KOHA) | |
| Source of classification or shelving scheme | Dewey Decimal Classification |
| Koha item type | Books |
| Lost status | Source of classification or shelving scheme | Damaged status | Not for loan | Collection code | Permanent Location | Current Location | Shelving location | Date acquired | Source of acquisition | Cost, normal purchase price | Total Checkouts | Full call number | Date last seen | Copy number | Koha item type |
|---|---|---|---|---|---|---|---|---|---|---|---|---|---|---|---|
| Dewey Decimal Classification | Added to bundle | Non-fiction | Central Library, University of Rajshahi | Central Library, University of Rajshahi | Reading Room | 25/10/1954 | O.U.P. | 3.60 | 914.429 BOW 1951 | 10/03/2014 | C-1 | Books |